01438nam a2200289 a 450000100100000000500170001000800410002704000250006808200180009310000390011124500590015026000340020930000280024349000690027149000310034050000420037165000440041371000510045783000760050883000380058404900090062295201310063195201310076295201160089395201220100999900170113100001706220240307073946.0100317s1991 dr a 000 0 spa d aDO-SdBNPbspacBNPHU a627.13bR173h1 aRamírez Pérez, Franklin93764210aHidraúlica de canales /cFranklin Ramírez Pérez. aSanto Domingo :bUASd,c1991. a385 p. :bil. ;c22 cm.1 aPublicaciones de la Universidad Autónoma de Santo Domingov6401 aCiencia y tecnologíav26 aIncluye datos biográficos del autor 4aCanalesx(ingenieria hidraulica)9376431 aUniversidad Autónoma de Santo Domingo972951 0aPublicaciones de la Universidad Autónoma de Santo Domingon640937644 0aCiencia y tecnologían26937645 aBNPD 001054708DSaGRbGRcHDd2015-01-29iLF1l0o627.13 R173hp17062-30r2020-06-25te. 3w2020-06-25yLFDSZPréstamo en sala 001154708DSaGRbGRcMId2015-04-17iLF1l0o627.13 R173hp17062-40r2020-06-25te. 4w2020-06-25yLFDSZPréstamo en sala 0010718PDaPDbPDcHDd2010-03-17iLF1l0o627.13 R173hp17062-10r2020-06-25w2020-06-25yLFPDZNo se presta 0010718PDaPDbPDcHDd2010-09-06iLF1l0o627.13 R173hp17062-20r2020-06-25te. 2w2020-06-25yLFPDZNo se presta c16588d16588